[Event "Tourn. n8181"]
[Site "www.chess-mail.com"]
[Date "2015.07.20"]
[Round "1"]
[White "Xandersonx"]
[Black "Anja"]
[WhiteElo "1829"]
[BlackElo "1650"]
[Result "1-0"]
[Round "1"]
1.e3 d5
2.c4 Ng8f6
3.Bf1e2 e5
4.b3 Bf8d6
5.Nb1c3 O-O
6.Be2d3 e4
7.Bd3c2 c6
8.d3 Bd6b4
9.Bc1b2 Bc8f5
10.a3 Bb4a5
11.b4 Ba5c7
12.dxe4 Nf6xe4
13.Nc3e2 Ne4d6
14.Bc2xf5 Nd6xf5
15.Qd1c2 Qd8g5
16.f4 Nf5xe3
17.Qc2c3 Ne3xg2
18.Kf2 Ng2xf4
19.Ne2g3 Nb8d7
20.h4 Qg5e5
21.cxd5 Bc7b6
22.Kf3 Qe5xc3
23.Bb2xc3 Nf4xd5
24.Bc3b2 Rf8e8
25.Ng3f5 Nd7f6
26.Ng1e2 g6
27.Bb2xf6 Nd5xf6
28.Nf5g3 Ra8d8
29.Ra1d1 Nf6d5
30.Ng3e4 Kg7
31.h5 f5
32.h6 Kf8
33.Ne4g3 Re8e3
34.Kf2 Re3xa3
35.Ke1 Nd5xb4
36.Rd1xd8 Bb6xd8
37.Rh1h4 Bd8xh4
38.Kf2 Bh4xg3
39.Ne2xg3 Ra3xg3
40.Kxg3 a5
41.Kf4 a4
42.Ke5  { time }
1-0

[Event "Tourn. n7963"]
[Site "www.chess-mail.com"]
[Date "2015.07.20"]
[Round "1"]
[White "Pgcbies"]
[Black "Numanoid"]
[WhiteElo "2830"]
[BlackElo "2600"]
[Result "1-0"]
[Round "1"]
1.e4 Nb8c6
2.d4 d5
3.Nb1c3 dxe4
4.d5 Nc6e5
5.Qd1d4 Ne5g6
6.Qd4xe4 Ng8f6
7.Qe4a4 Bc8d7
8.Bf1b5 a6
9.Bb5xd7 Qd8xd7
10.Qa4xd7 Kxd7
11.Ng1f3 h6
12.h4 e5
13.dxe6 Kxe6
14.Bc1e3 Ra8d8
15.Be3d4 c5
16.Bd4xf6 Kxf6
17.Kf1 Bf8d6
18.h5 Ng6e5
19.Rh1h3 Ne5c6
20.Nc3e4 Ke6
21.Ra1e1 Kd7
22.Nf3h4 Nc6d4
23.c3 Nd4e6
24.Rh3f3 Rh8f8
25.Ne4xd6 Kxd6
26.Re1d1 Kc7
27.Rd1xd8 Kxd8
28.Nh4f5 f6
29.Rf3e3 Kd7
30.a4 b6
31.Re3g3 Rf8f7
32.a5 bxa5
33.Rg3d3 Kc7
34.Rd3d6 Ne6d8
35.Rd6xa6 Nd8b7
36.g4 Rf7d7
37.Kg2 c4
38.Kg3 { resign }
1-0

[Event "Tourn. n8203"]
[Site "www.chess-mail.com"]
[Date "2015.07.20"]
[Round "1"]
[White "Colchester"]
[Black "Yangqi"]
[WhiteElo "2030"]
[BlackElo "2200"]
[Result "0-1"]
[Round "1"]
1.b3 e5
2.Bc1b2 Nb8c6
3.e3 d5
4.Bf1b5 Bf8d6
5.Ng1e2 Ng8f6
6.Bb5xc6 bxc6
7.Ne2g3 h5
8.Nb1c3 h4
9.Ng3e2 h3
10.g3 Bc8g4
11.d3 Bg4f3
12.Rh1g1 Nf6g4
13.Qd1d2 Ng4xh2
14.O-O-O Nh2g4
15.d4 h2
{ resign }
0-1

[Event "Tourn. n8228"]
[Site "www.chess-mail.com"]
[Date "2015.07.20"]
[Round "1"]
[White "Swampcat"]
[Black "Dspillman"]
[WhiteElo "1620"]
[BlackElo "1610"]
[Result "0-1"]
[Round "1"]
1.e4 e5
2.Ng1f3 Bf8d6
3.d4 Nb8c6
4.d5 Nc6e7
5.Bf1e2 h6
6.Bc1e3 Ng8f6
7.Nb1c3 Bd6b4
8.O-O Bb4xc3
9.bxc3 d6
10.Qd1b1 Nf6xe4
 { time }
0-1

[Event "Tourn. n8185"]
[Site "www.chess-mail.com"]
[Date "2015.07.20"]
[Round "1"]
[White "Jose"]
[Black "Chessfan"]
[WhiteElo "2700"]
[BlackElo "2370"]
[Result "1/2-1/2"]
[Round "1"]
1.d4 Ng8f6
2.Ng1f3 e6
3.c4 d5
4.Nb1c3 Bf8e7
5.Bc1g5 h6
6.Bg5h4 O-O
7.e3 Nf6e4
8.Bh4xe7 Qd8xe7
9.Ra1c1 c6
10.Bf1d3 Ne4xc3
11.Rc1xc3 dxc4
12.Bd3xc4 Nb8d7
13.O-O b6
14.Bc4d3 c5
15.Bd3e4 Ra8b8
16.Qd1c2 Nd7f6
17.Be4c6 cxd4
18.Nf3xd4 e5
19.Nd4f3 Rf8d8
20.Rf1c1 Qe7d6
21.Qc2a4 Bc8f5
22.h3 Rb8c8
23.a3 Rc8c7
24.Qa4b4 Rc7e7
25.Qb4xd6 Rd8xd6
26.Bc6a4 Nf6e8
27.Ba4xe8 Re7xe8
28.Rc3c7 a5
29.Rc1c6 { draw }
1/2-1/2

[Event "Tourn. n8178"]
[Site "www.chess-mail.com"]
[Date "2015.07.20"]
[Round "1"]
[White "Knightjumper"]
[Black "Xkafi"]
[WhiteElo "1810"]
[BlackElo "1930"]
[Result "0-1"]
[Round "1"]
1.e4 e5
2.Ng1f3 Qd8f6
3.Nb1c3 c6
4.d4 exd4
5.Qd1xd4 h6
6.Qd4xf6 Ng8xf6
7.e5 Nf6h5
8.g4 Nh5f6
9.exf6 gxf6
10.Bc1d2 Bf8c5
11.Nc3e4 Bc5e7
12.Bd2c3 d5
13.Ne4xf6 Be7xf6
14.Bc3xf6 Rh8g8
15.h3 Rg8g6
16.Bf6c3 c5
17.O-O-O Bc8e6
18.Bf1b5 Kf8
19.Nf3e5 Rg6g8
20.f4 d4
21.Bc3d2 Be6xa2
22.b3 a6
23.Bb5c4 Rg8g7
24.Kb2 Ba2xb3
25.Bc4xb3 f6
26.Ne5c4 Nb8c6
27.Rd1e1 Rg7d7
28.Re1e2 b5
 { time }
0-1

[Event "Tourn. n8230"]
[Site "www.chess-mail.com"]
[Date "2015.07.20"]
[Round "1"]
[White "Oliverio"]
[Black "Zazi"]
[WhiteElo "1760"]
[BlackElo "1620"]
[Result "1-0"]
[Round "1"]
1.c4 f5
2.Ng1f3 e6
3.g3 b6
4.Bf1g2 Bc8b7
5.Nb1c3 g5
6.d3 Bf8e7
7.e4 Be7b4
8.Bc1xg5 Qd8c8
9.Nf3e5 h5
10.Bg2f3 Bb4e7
11.Bf3xh5 Kd8
12.Ne5f7 Ke8
13.Nf7d6 Kf8
14.Bg5xe7 Ng8xe7
15.Nd6xc8 Bb7xc8
16.g4 fxg4
17.Qd1xg4 Nb8c6
18.Qg4f3 Kg7
19.Rh1g1 Kh7
20.Qf3f7 Kh6
21.Qf7g7 Kxh5
22.Qg7g5 
1-0

[Event "Tourn. n8204"]
[Site "www.chess-mail.com"]
[Date "2015.07.20"]
[Round "1"]
[White "Vitoriccardo"]
[Black "Hdr"]
[WhiteElo "1710"]
[BlackElo "1779"]
[Result "1-0"]
[Round "1"]
1.e4 c5
2.c3 Ng8f6
3.e5 Nf6d5
4.d4 cxd4
5.cxd4 d6
6.exd6 Qd8xd6
7.Nb1c3 Nb8c6
8.Ng1f3 Bc8g4
9.Bf1e2 e6
10.O-O Bf8e7
11.Nc3b5 Qd6d8
12.h3 Bg4f5
13.Bc1d2 O-O
14.Be2c4 Ra8c8
15.Bc4xd5 Qd8xd5
16.Nb5c3 Qd5d6
17.Rf1e1 Nc6xd4
18.Nf3xd4 Qd6xd4
19.Bd2e3 Qd4b4
20.Qd1d7 Rf8d8
21.Qd7b5 Qb4xb5
22.Nc3xb5 a6
23.Nb5d4 { resign }
1-0

[Event "Tourn. n8204"]
[Site "www.chess-mail.com"]
[Date "2015.07.20"]
[Round "1"]
[White "Anja"]
[Black "Vitoriccardo"]
[WhiteElo "1700"]
[BlackElo "1710"]
[Result "1-0"]
[Round "1"]
1.d4 d5
2.Ng1f3 Ng8f6
3.Bc1f4 e6
4.e3 c5
5.c4 Bc8d7
6.cxd5 Nf6xd5
7.Bf4g3 cxd4
8.Nf3xd4 Bf8b4
9.Nb1d2 O-O
10.Bf1c4 Nd5b6
11.Bc4d3 Nb8c6
12.Nd4b5 e5
13.O-O a6
14.Nb5c3 Bb4xc3
15.bxc3 Bd7e6
16.Nd2b3 Nb6d5
17.Qd1c2 h6
18.Nb3c5 Qd8e7
19.Nc5xe6 Qe7xe6
20.Qc2b3 Nc6a5
21.Qb3b2 Ra8c8
22.Ra1c1 e4
23.Bd3e2 b5
24.Rf1d1 Nd5f6
25.Rd1d6 Na5c4
26.Qb2b3 Nc4xd6
27.Qb3xe6 fxe6
28.Bg3xd6 Rf8d8
29.Bd6b4 Nf6d5
30.Bb4a5 Rd8d7
31.h3 Rd7f7
32.c4 bxc4
33.Rc1xc4 Rc8f8
34.Ba5e1 a5
35.Rc4xe4 Nd5b4
36.Re4xe6 Rf7xf2
37.Be1xf2 { resign }
1-0

[Event "Tourn. n8113"]
[Site "www.chess-mail.com"]
[Date "2015.07.20"]
[Round "1"]
[White "Greghghs"]
[Black "Emmanuelasi"]
[WhiteElo "2390"]
[BlackElo "2340"]
[Result "1-0"]
[Round "1"]
1.d4 Nb8c6
2.d5 Nc6e5
3.e4 e6
4.dxe6 fxe6
5.Nb1c3 d6
6.Ng1f3 Ne5xf3
7.Qd1xf3 Qd8f6
8.Qf3g3 Bc8d7
9.Bc1e3 Bf8e7
10.O-O-O Ng8h6
11.h4 Nh6f7
12.f4 c6
13.h5 h6
14.Bf1c4 b5
15.Bc4xb5 cxb5
16.Be3d4 Nf7e5
17.Kb1 O-O
18.fxe5 Qf6g5
19.Qg3xg5 Be7xg5
20.exd6 b4
21.Nc3e2 a5
22.e5 a4
23.b3 axb3
24.axb3 Bd7c6
25.Rh1g1 Ra8a5
26.Ne2c1 Bc6e4
27.Nc1d3 Rf8a8
28.Nd3xb4 Ra5b5
29.Nb4d3 Ra8a4
30.Nd3c5 Be4xc2
31.Kxc2 Ra4a2
32.Kc3 { resign }
1-0

[Event "Tourn. n8181"]
[Site "www.chess-mail.com"]
[Date "2015.07.20"]
[Round "1"]
[White "Anja"]
[Black "Maxlou"]
[WhiteElo "1640"]
[BlackElo "1720"]
[Result "1-0"]
[Round "1"]
1.d4 f5
2.c4 g6
3.Nb1c3 Ng8f6
4.Bc1g5 Bf8g7
5.g3 O-O
6.Bf1g2 c5
7.d5 Qd8a5
8.Qd1c2 Qa5b4
9.Qc2b3 d6
10.Ng1f3 Qb4xb3
11.axb3 Nb8a6
12.O-O Na6b4
13.Nc3b5 Bc8d7
14.Ra1xa7 Bd7xb5
15.Ra7xa8 Rf8xa8
16.cxb5 Nf6xd5
17.Nf3d2 h6
18.Bg5e3 Nd5xe3
19.fxe3 d5
20.Rf1c1 b6
21.Rc1b1 Ra8a2
22.Nd2f3  { time }
1-0

[Event "Tourn. n8211"]
[Site "www.chess-mail.com"]
[Date "2015.07.20"]
[Round "1"]
[White "Merimee"]
[Black "Inez"]
[WhiteElo "1530"]
[BlackElo "1570"]
[Result "1-0"]
[Round "1"]
1.d4 d6
2.e4 Ng8f6
3.Nb1c3 e5
4.d5 c6
5.Bf1c4 b5
6.Bc4d3 b4
7.Nc3a4 cxd5
8.Ng1e2 Qd8a5
9.b3 dxe4
10.Bd3c4 d5
11.Na4b2 dxc4
12.Nb2xc4 Qa5c7
13.O-O  { time }
1-0

[Event "Tourn. n8256"]
[Site "www.chess-mail.com"]
[Date "2015.07.20"]
[Round "1"]
[White "Odin"]
[Black "Xkafi"]
[WhiteElo "1890"]
[BlackElo "1960"]
[Result "0-1"]
[Round "1"]
1.d4 d5
2.e3 Bc8f5
3.Ng1f3 f6
4.Nf3h4 Bf5g6
5.Nh4xg6 hxg6
6.Nb1c3 Ng8h6
7.Bf1d3 Nh6f5
8.Qd1g4 Nf5h4
9.g3 f5
10.Qg4e2 e5
11.dxe5 c5
12.gxh4 c4
13.Bd3xc4 dxc4
14.Qe2xc4 Bf8e7
15.Qc4b5 Nb8c6
16.Nc3d5 Rh8xh4
17.Nd5f4 a6
18.Qb5xb7 Nc6xe5
19.Nf4e6 { time. }
0-1

[Event "Tourn. n8256"]
[Site "www.chess-mail.com"]
[Date "2015.07.20"]
[Round "1"]
[White "Xkafi"]
[Black "Guidom"]
[WhiteElo "1960"]
[BlackElo "2070"]
[Result "0-1"]
[Round "1"]
1.e4 e5
2.Bf1c4 Bf8c5
3.d3 Nb8c6
4.c3 Qd8h4
5.Qd1f3 Ng8f6
6.h3 O-O
7.Nb1d2 d6
8.a4 a6
9.Nd2b3 Bc5a7
10.g4 Bc8d7
11.Qf3g2 Nf6e8
12.g5 Bd7e6
13.Nb3d2 Be6xc4
14.Nd2xc4 f5
15.Ng1f3 Qh4h5
16.exf5 Rf8xf5
17.Nc4d2 g6
18.h4 Ne8g7
19.a5 Ra8f8
20.Rh1h3 d5
21.Ra1a4 d4
22.c4 Rf5f4
23.Qg2h1 e4
24.dxe4 Qh5g4
25.b4 Rf4xe4
26.Nd2xe4 Qg4xe4
27.Kf1 Qe4d3
28.Kg2 Qd3xc4
29.Qh1d1 d3
30.b5 Qc4xb5
31.Bc1a3 Rf8d8
32.Nf3d2 Ng7h5
33.Rh3f3 Nc6d4
34.Ra4b4 Qb5d5
35.Rb4xb7 Qd5xb7
36.Qd1a4 Qb7d5
37.Ba3e7 Nd4xf3
38.Nd2xf3 Nh5f4
39.Qa4xf4 Rd8e8
40.Qf4xc7 Ba7b8
41.Qc7c5 Qd5xc5
42.Be7xc5 Bb8f4
43.Bc5b4 Re8e4
44.Bb4e1 Re4xe1
{ resign }
0-1

[Event "Tourn. n8250"]
[Site "www.chess-mail.com"]
[Date "2015.07.20"]
[Round "1"]
[White "Xkafi"]
[Black "Falcoale"]
[WhiteElo "1960"]
[BlackElo "1850"]
[Result "1-0"]
[Round "1"]
1.e4 c5
2.Bf1c4 e6
3.d4 cxd4
4.Qd1xd4 Nb8c6
5.Qd4d1 Ng8f6
6.Bc1g5 h6
7.Bg5h4 Bf8e7
8.Nb1c3 Be7b4
9.f4 Bb4e7
10.Ng1f3 O-O
11.h3 a6
12.g4 b5
13.Bc4d3 Bc8b7
14.g5 hxg5
15.Bh4xg5 Nf6h7
16.Bg5xe7 Nc6xe7
17.Rh1g1 d5
18.Nf3g5 Ne7g6
19.Qd1g4 b4
20.Nc3e2 Nh7f6
21.Qg4g3 dxe4
22.Bd3c4 Nf6d5
23.O-O-O Nd5f6
24.Rd1xd8 { resign }
1-0

[Event "Tourn. n8160"]
[Site "www.chess-mail.com"]
[Date "2015.07.20"]
[Round "1"]
[White "Roqueur"]
[Black "Seger"]
[WhiteElo "2610"]
[BlackElo "2670"]
[Result "0-1"]
[Round "1"]
1.e4 e6
2.d4 d5
3.Nb1c3 Ng8f6
4.Bc1g5 Bf8e7
5.e5 Nf6d7
6.Bg5xe7 Qd8xe7
7.f4 O-O
8.Ng1f3 c5
9.Qd1d2 a6
10.Bf1e2 Nb8c6
11.O-O cxd4
12.Nf3xd4 Qe7c5
13.Ra1d1 b5
14.Be2f3 Nc6xd4
15.Qd2xd4 b4
16.Nc3e2 a5
17.Rf1e1 g6
18.Qd4xc5 Nd7xc5
19.Ne2d4 Kg7
20.Kf2 h5
21.b3 Ra8b8
22.Re1e3 Bc8a6
23.g3 Rf8c8
24.Re3e1 Rc8c7
25.Rd1d2 a4
26.Kg2 a3
27.Re1e3 Rb8c8
28.Kf2 Nc5d7
29.Kg2 Kf8
30.Bf3e2 Ba6xe2
31.Re3xe2 Rc7b7
32.Nd4f3 Nd7c5
33.Nf3g5 Rb7c7
34.Kf2 Nc5a6
35.Ng5f3 Rc7c3
36.Nf3d4 Rc8b8
37.Nd4f3 Na6c5
38.Nf3g5 Rb8c8
39.Ke1 Nc5a6
40.Kf2 Kg7
41.Ng5f3 h4
42.Nf3g5 hxg3
43.hxg3 Kf8
44.Kg2 Na6c5
45.Kf2 Nc5d7
46.Kg2 Ke7
47.Kf2 Rc8c6
48.Kg2 f6
49.Ng5f3 { time. }
0-1

[Event "Tourn. n8237"]
[Site "www.chess-mail.com"]
[Date "2015.07.20"]
[Round "1"]
[White "Easychess"]
[Black "Spitzer"]
[WhiteElo "1480"]
[BlackElo "1590"]
[Result "0-1"]
[Round "1"]
1.d4 Ng8f6
2.c4 Nf6e4
3.Ng1f3 d5
4.cxd5 Qd8xd5
5.Nb1c3 Qd5a5
6.Bc1d2 Qa5f5
 { time }
0-1

[Event "Tourn. n8185"]
[Site "www.chess-mail.com"]
[Date "2015.07.20"]
[Round "1"]
[White "Stepanpech"]
[Black "Jose"]
[WhiteElo "2410"]
[BlackElo "2700"]
[Result "0-1"]
[Round "1"]
1.c4 Ng8f6
2.Nb1c3 e5
3.Ng1f3 Nb8c6
4.g3 Bf8b4
5.Bf1g2 O-O
6.O-O e4
7.Nf3e1 Bb4xc3
8.dxc3 h6
9.Ne1c2 Rf8e8
10.Nc2e3 d6
11.Qd1c2 a5
12.a4 b6
13.Rf1d1 Re8e5
14.f4 Re5e8
15.Ne3d5 Bc8f5
16.b3 Nc6b8
17.Bc1e3 Nf6xd5
18.cxd5 { time. }
0-1

[Event "Tourn. n8128"]
[Site "www.chess-mail.com"]
[Date "2015.07.20"]
[Round "1"]
[White "Hansen"]
[Black "Passaroa25"]
[WhiteElo "1450"]
[BlackElo "1590"]
[Result "0-1"]
[Round "1"]
1.Ng1f3 f6
2.h3 d6
3.e4 Bc8e6
4.Nf3d4 Be6f7
5.Nb1c3 c6
6.b4 e5
7.Nd4f5 Ng8e7
8.Bc1a3 Ne7xf5
9.exf5 Qd8e7
10.d4 d5
11.Ra1b1 b5
12.Nc3e2 Qe7c7
13.g4 Bf8d6
14.c3 e4
15.Qd1d2 Nb8d7
16.Bf1g2 Nd7b6
17.Kd1 Nb6c4
18.Qd2c1 O-O-O
19.f3 e3
20.h4 a5
21.h5 a4
22.h6 Bd6f8
23.Qc1c2 g5
24.Qc2d3 Nc4xa3
25.Rb1b2 Na3c4
26.Rb2c2 Rd8e8
27.Rh1e1 Bf8xh6
28.f4 gxf4
29.Re1h1 Bh6g5
30.Kc1 h6
31.Bg2f3 Nc4a3
32.Rc2b2 Na3c4
33.Rb2b1 Nc4d6
34.Rb1b2 Kb8
35.c4 Nd6xc4
36.Rb2c2 Nc4d2
37.Qd3xb5 Qc7b7
38.Qb5xc6 Qb7xc6
39.Rc2xc6 Nd2xf3
40.Ne2c3 Nf3xd4
41.Rc6b6 Ka7
42.Nc3xa4 Re8c8
43.Kb2 Rc8c2
44.Kb1 Bf7e8
45.b5 Rc2c4
46.Rb6a6 Kb7
47.Ra6b6 Kc7
48.Rh1c1 Nd4xb5
49.Rb6a6 Rc4xc1
50.Kxc1 Nb5d6
51.Na4c5 Be8c6
52.Nc5e6 Kb7
53.Ne6c5 Kb8
54.Ra6xc6 Rh8d8
55.Nc5e6 Nd6f7
56.Rc6c7 e2
57.Kd2 f3
58.Ke1 Bg5h4
59.Kd2 e1Q
60.Kd3 f2
61.Rc7xf7 f1Q
{ resign }
0-1

[Event "Tourn. n8194"]
[Site "www.chess-mail.com"]
[Date "2015.07.20"]
[Round "1"]
[White "Tomcapp"]
[Black "Powerchess"]
[WhiteElo "1500"]
[BlackElo "1490"]
[Result "1-0"]
[Round "1"]
1.c4 e6
2.e4 c5
3.Ng1f3 Nb8c6
4.Bf1d3 d6
5.Nb1c3 Ng8f6
6.e5 dxe5
7.a3 Qd8xd3
8.Nc3b5 Bf8d6
9.Nb5xd6 Qd3xd6
10.b4 cxb4
11.axb4 Nc6d4
12.Nf3xd4 exd4
13.d3 e5
14.c5 Qd6d5
15.Qd1f3 Qd5xf3
16.gxf3 Bc8e6
17.Bc1g5 Nf6d7
18.c6 { resign }
1-0

[Event "Tourn. n8251"]
[Site "www.chess-mail.com"]
[Date "2015.07.20"]
[Round "1"]
[White "Bevittsmith"]
[Black "Wwgia"]
[WhiteElo "2260"]
[BlackElo "2040"]
[Result "1/2-1/2"]
[Round "1"]
1.e4 c5
2.Ng1f3 Nb8c6
3.d4 cxd4
4.Nf3xd4 g6
5.c4 Bf8g7
6.Bc1e3 Ng8f6
7.Nb1c3 O-O
8.Bf1e2 e5
9.Nd4b5 a6
10.Nb5d6 Nc6d4
11.Be3xd4 exd4
12.Qd1xd4 Nf6e8
13.Qd4d3 Ne8xd6
14.Qd3xd6 Rf8e8
15.Qd6d3 b5
16.f3 Qd8b6
17.Nc3d5 Qb6a5
18.b4 Qa5d8
19.Ra1c1 { draw }
1/2-1/2

[Event "Tourn. n8238"]
[Site "www.chess-mail.com"]
[Date "2015.07.20"]
[Round "1"]
[White "Osopanda"]
[Black "Liencam2"]
[WhiteElo "2030"]
[BlackElo "2290"]
[Result "0-1"]
[Round "1"]
1.c4 e5
2.Nb1c3 Nb8c6
3.g3 Ng8f6
4.Bf1g2 Bf8c5
5.d3 d6
6.e3 Bc8e6
7.Ng1e2 Qd8d7
8.O-O Be6h3
9.Ra1b1 O-O
10.d4 exd4
11.exd4 Bc5b6
12.Nc3d5 Nf6xd5
13.cxd5 Bh3xg2
14.Kxg2 Nc6b4
15.a3 Nb4xd5
16.Qd1b3 Qd7c6
17.Qb3f3 Ra8e8
18.b4 Re8xe2
19.Qf3xe2 Nd5f4
{ resign }
0-1

[Event "Tourn. n8238"]
[Site "www.chess-mail.com"]
[Date "2015.07.20"]
[Round "1"]
[White "Samael"]
[Black "Osopanda"]
[WhiteElo "2160"]
[BlackElo "2030"]
[Result "0-1"]
[Round "1"]
1.e4 c5
2.Ng1f3 d6
3.Nb1c3 Nb8c6
4.a3 Ng8f6
5.d3 e6
6.Bf1e2 Bf8e7
7.O-O O-O
8.h3 a6
9.Bc1d2 Qd8c7
10.Kh1 b5
11.Nc3a2 Bc8b7
12.Nf3h2 Ra8d8
13.Nh2g4 Nf6xg4
14.Be2xg4 Nc6e5
15.Bg4e2 Be7f6
16.Qd1e1 Qc7e7
 { time }
0-1

[Event "Tourn. n8238"]
[Site "www.chess-mail.com"]
[Date "2015.07.20"]
[Round "1"]
[White "Liencam2"]
[Black "Samael"]
[WhiteElo "2290"]
[BlackElo "2160"]
[Result "1-0"]
[Round "1"]
1.e4 e5
2.Ng1f3 d6
3.d4 exd4
4.c3 Ng8f6
5.Bf1d3 Bf8e7
6.O-O O-O
7.cxd4 Nb8c6
8.Nb1c3 Bc8d7
9.a3 h6
10.h3 a6
11.Bc1e3 Rf8e8
12.b4 Nc6a7
13.e5 dxe5
14.dxe5 Nf6h7
15.Nc3d5 Be7f8
16.Ra1c1 c6
17.Be3b6 Qd8c8
18.Nd5c7 Re8d8
19.Nc7xa8 { resign }
1-0

[Event "Tourn. n8229"]
[Site "www.chess-mail.com"]
[Date "2015.07.20"]
[Round "1"]
[White "Bigoak"]
[Black "Falcoale"]
[WhiteElo "1910"]
[BlackElo "1820"]
[Result "1/2-1/2"]
[Round "1"]
1.e4 c5
2.Ng1f3 Nb8c6
3.d4 cxd4
4.Nf3xd4 a6
5.c4 e6
6.Bc1e3 Ng8f6
7.Nb1c3 Nc6e5
8.Bf1e2 Bf8b4
9.f3 O-O
10.Qd1c2 d5
11.cxd5 exd5
12.exd5 Qd8xd5
13.O-O Qd5d8
14.Ra1d1 Qd8e8
15.a3 Bb4a5
16.Nd4b3 Bc8e6
17.Be3c5 Ba5xc3
18.Qc2xc3 Be6xb3
19.Qc3xb3 Ne5d7
20.Bc5xf8 Qe8xf8
21.Be2c4 b5
22.Bc4d3 Ra8b8
23.Bd3f5 Nd7c5
24.Qb3a2 h6
25.b4 Nc5a4
26.Qa2d2 Na4b6
27.Qd2d6 Qf8xd6
28.Rd1xd6 Nb6c4
29.Rd6d3 Nf6h5
30.Rf1e1 Nh5f4
31.Rd3c3 Nf4d5
32.Rc3d3 Nd5f4
33.Rd3d7 Nc4xa3
34.Re1e7 Rb8f8
35.g3 { draw }
1/2-1/2

[Event "Tourn. n8237"]
[Site "www.chess-mail.com"]
[Date "2015.07.20"]
[Round "1"]
[White "Redabond"]
[Black "Easychess"]
[WhiteElo "1639"]
[BlackElo "1480"]
[Result "1-0"]
[Round "1"]
1.e4 c5
2.Bf1c4 e6
3.Ng1f3 Nb8c6
4.O-O d6
5.Nb1c3 Ng8f6
6.d3 Bf8e7
7.Rf1e1 O-O
8.Re1e3 a6
9.e5 dxe5
10.Nf3xe5  { time }
1-0

[Event "Tourn. n8313"]
[Site "www.chess-mail.com"]
[Date "2015.07.20"]
[Round "1"]
[White "Amaya"]
[Black "Xkafi"]
[WhiteElo "1920"]
[BlackElo "1960"]
[Result "0-1"]
[Round "1"]
1.d4 c5
2.c3 Qd8a5
3.Nb1d2 d5
4.e3 Ng8f6
5.f4 cxd4
6.cxd4 Nf6e4
7.Ng1f3 Bc8g4
8.Bf1d3 e6
9.O-O f5
10.Qd1e1 Qa5d8
11.Nf3e5 Bf8e7
12.Ne5xg4 fxg4
13.Nd2xe4 dxe4
14.Bd3xe4 O-O
15.Be4xb7 Nb8d7
16.Bb7xa8 Qd8xa8
17.Qe1g3 h5
18.Bc1d2 Qa8e4
19.Ra1c1 Nd7f6
20.Rc1c7 Nf6d5
21.Rc7xa7 Rf8c8
22.Rf1c1 Rc8xc1
23.Bd2xc1 Qe4b1
24.Qg3e1 Be7b4
25.Ra7b7 Bb4xe1
{ resign }
0-1

[Event "Tourn. n8243"]
[Site "www.chess-mail.com"]
[Date "2015.07.20"]
[Round "1"]
[White "Falcoale"]
[Black "Osopanda"]
[WhiteElo "1850"]
[BlackElo "2010"]
[Result "0-1"]
[Round "1"]
1.e4 c5
2.Ng1f3 d6
3.d4 cxd4
4.Nf3xd4 Ng8f6
5.Nb1c3 a6
6.Bf1d3 e5
7.Nd4f3 h6
8.O-O Bc8e6
9.h3 Nb8d7
10.Nf3h2 Ra8c8
11.f4 exf4
12.Bc1xf4 Nd7e5
13.Nc3e2 Qd8b6
14.Kh1 Nf6h5
15.Bf4c1 Bf8e7
16.Ne2c3 Nh5g3
{ resign }
0-1

[Event "Tourn. n8237"]
[Site "www.chess-mail.com"]
[Date "2015.07.20"]
[Round "1"]
[White "Lena"]
[Black "Redabond"]
[WhiteElo "1679"]
[BlackElo "1639"]
[Result "0-1"]
[Round "1"]
1.e4 e5
2.Ng1f3 Nb8c6
3.Bf1b5 d6
4.d4 exd4
5.Nf3xd4 Bc8d7
6.Nb1c3 Nc6xd4
7.Bb5xd7 Qd8xd7
 { time }
0-1

[Event "Tourn. n8184"]
[Site "www.chess-mail.com"]
[Date "2015.07.20"]
[Round "1"]
[White "Blackpool"]
[Black "Andychesston"]
[WhiteElo "1840"]
[BlackElo "1880"]
[Result "0-1"]
[Round "1"]
1.c4 e5
2.Nb1c3 Ng8f6
3.g3 c6
4.Bf1g2 Bf8e7
5.d3 d5
6.cxd5 cxd5
7.Bc1g5 O-O
8.Bg5xf6 Be7xf6
9.Nc3xd5 Bc8e6
10.Nd5xf6 Qd8xf6
11.Ng1f3 Nb8c6
12.O-O Ra8d8
13.Qd1a4 Nc6d4
14.Nf3xd4 Rd8xd4
15.Qa4xa7 b5
16.Ra1c1 Be6d5
17.Bg2xd5 Rd4xd5
18.Rc1c5 Qf6e6
{ time. }
0-1

[Event "Tourn. n8184"]
[Site "www.chess-mail.com"]
[Date "2015.07.20"]
[Round "1"]
[White "Andychesston"]
[Black "Jasonbarlow7"]
[WhiteElo "1880"]
[BlackElo "1919"]
[Result "1-0"]
[Round "1"]
1.e4 e5
2.Ng1f3 Nb8c6
3.d4 exd4
4.Nf3xd4 Bf8c5
5.Bc1e3 Nc6xd4
6.Be3xd4 Bc5xd4
7.Qd1xd4 f6
8.Bf1c4 c6
9.Nb1c3 Ng8h6
10.O-O-O Nh6g4
11.f4 Qd8c7
12.g3 d6
13.h3 Ng4h6
14.Qd4xd6  { time }
1-0

[Event "Tourn. n8184"]
[Site "www.chess-mail.com"]
[Date "2015.07.20"]
[Round "1"]
[White "Andychesston"]
[Black "Abuelo"]
[WhiteElo "1880"]
[BlackElo "2080"]
[Result "0-1"]
[Round "1"]
1.e4 e5
2.Ng1f3 d6
3.d4 exd4
4.Nf3xd4 Ng8f6
5.Nb1c3 c5
6.Nd4f3 Qd8e7
7.Bf1d3 Nb8c6
8.Bc1g5 Bc8e6
9.O-O h6
10.Bg5h4 g5
11.Bh4g3 Nf6h5
12.Bd3b5 Nh5xg3
13.fxg3 Qe7d7
14.Nc3d5 Bf8g7
15.c3 a6
16.Nd5b6 Qd7d8
17.Bb5xc6 bxc6
18.Nb6xa8 Qd8xa8
19.Qd1xd6 Bg7f8
20.Qd6e5 Rh8g8
21.h3 Bf8e7
22.b3 Qa8a7
23.c4 Rg8g6
24.Qe5h8 Be7f8
25.Nf3e5 Rg6g7
26.Qh8xh6 Qa7c7
27.Ne5d3 Qc7xg3
28.Rf1f3 Qg3d6
29.Ra1d1 g4
30.Rf3f6 Rg7g6
31.Qh6h8 Qd6d4
32.Nd3f2 Qd4xf6
33.Qh8xf6 Rg6xf6
34.Nf2xg4 Be6xg4
35.hxg4 Rf6f4
36.e5 Rf4xg4
37.Rd1e1 Ke7
38.Kf2 Bf8g7
39.Kf3 Rg4g5
40.Kf4 Rg5xg2
41.a3 { time. }
0-1

[Event "Tourn. n8184"]
[Site "www.chess-mail.com"]
[Date "2015.07.20"]
[Round "1"]
[White "Bojan"]
[Black "Andychesston"]
[WhiteElo "1980"]
[BlackElo "1880"]
[Result "0-1"]
[Round "1"]
1.e4 d5
2.exd5 Qd8xd5
3.Nb1c3 Qd5d6
4.Ng1f3 a6
5.h3 Ng8f6
6.d4 e6
7.Nf3g5 Bf8e7
8.Bc1e3 O-O
9.Qd1d3 h6
10.Ng5e4 Nf6xe4
11.Nc3xe4 Qd6b4
12.c3 Qb4xb2
13.Qd3d1 f5
14.Ra1b1 Qb2xa2
15.Ne4g3 f4
16.Rb1a1 Qa2b2
17.Be3d2 fxg3
18.fxg3 Nb8d7
19.Bf1d3 b5
20.Ra1b1 Qb2a3
21.Qd1g4 Qa3a2
22.Qg4e4 Nd7f6
23.Qe4xa8 Nf6d5
24.Qa8c6 Be7d6
25.c4 Bd6b4
26.Rb1d1 Bb4xd2
27.Rd1xd2 Qa2a1
28.Rd2d1 Qa1a5
29.Ke2 Nd5c3
30.Ke3 Nc3xd1
31.Rh1xd1 bxc4
32.Bd3xc4 Qa5g5
33.Ke2 Qg5xg3
34.Rd1f1 Rf8xf1
35.Kxf1 Qg3f4
36.Ke2 Kh7
37.Bc4d3 g6
38.Qc6c5 Qf4g3
39.Qc5xc7 Qg3xc7
{ resign }
0-1

[Event "Tourn. n8224"]
[Site "www.chess-mail.com"]
[Date "2015.07.20"]
[Round "1"]
[White "Umzi"]
[Black "Comrade"]
[WhiteElo "2110"]
[BlackElo "2090"]
[Result "1-0"]
[Round "1"]
1.e4 c5
2.Ng1f3 Nb8c6
3.c3 d5
4.exd5 Qd8xd5
5.d4 e6
6.Bc1e3 Ng8f6
7.Bf1b5 Bc8d7
{ time. }
1-0

[Event "Tourn. n8189"]
[Site "www.chess-mail.com"]
[Date "2015.07.20"]
[Round "1"]
[White "Falcoale"]
[Black "Derfel83"]
[WhiteElo "1810"]
[BlackElo "1810"]
[Result "0-1"]
[Round "1"]
1.e4 e6
2.Nb1c3 c5
3.f4 a6
4.Ng1f3 Nb8c6
5.d4 cxd4
6.Nf3xd4 Ng8e7
7.Bc1e3 Qd8c7
8.Nd4xc6 bxc6
9.Bf1d3 Ra8b8
10.Nc3a4 d5
11.b3 dxe4
12.Bd3xe4 Ne7d5
13.Be3d2 Nd5xf4
14.O-O Nf4g6
15.Na4c5 Bf8xc5
16.Kh1 f5
17.Be4d3 Ng6e5
18.Bd2f4 Bc5d4
19.Qd1d2 Bd4xa1
20.Rf1xa1 O-O
21.Bd3c4 g5
22.Bf4xe5 Qc7xe5
23.Ra1e1 Qe5f6
24.Qd2d6 Qf6c3
25.Re1f1 Bc8b7
26.Qd6xe6 Kh8
27.Bc4d3 Rb8e8
28.Qe6h6 c5
29.Qh6xg5 Re8e1
30.Qg5f4 Rf8g8
31.Qf4xf5 Bb7xg2
32.Kg1 Bg2h3
33.Kf2 Re1xf1
34.Ke2 Rf1e1
{ resign }
0-1

[Event "Tourn. n8230"]
[Site "www.chess-mail.com"]
[Date "2015.07.20"]
[Round "1"]
[White "Falcoale"]
[Black "Anja"]
[WhiteElo "1820"]
[BlackElo "1730"]
[Result "1-0"]
[Round "1"]
1.e4 Ng8f6
2.e5 Nf6d5
3.d4 d6
4.c4 Nd5b6
5.Ng1f3 Bc8g4
6.h3 Bg4xf3
7.Qd1xf3 Nb8c6
8.Bc1e3 dxe5
9.d5 Nc6b4
10.Qf3e2 Qd8d7
11.b3 e6
12.a3  { time }
1-0

[Event "Tourn. n8179"]
[Site "www.chess-mail.com"]
[Date "2015.07.20"]
[Round "1"]
[White "Cyrilgeorge"]
[Black "Genius7"]
[WhiteElo "1799"]
[BlackElo "1770"]
[Result "1-0"]
[Round "1"]
1.d4 d5
2.e3 Ng8f6
3.f3 e6
4.Ng1h3 c5
5.Bf1b5 Bc8d7
6.Bb5xd7 Nb8xd7
7.O-O a6
8.c3 Bf8d6
9.Nh3f4 O-O
10.Nb1d2 Bd6xf4
11.exf4 cxd4
12.cxd4 b5
13.b4 Nd7b6
14.Nd2b3 Nb6c4
15.Qd1d3 Qd8e7
16.a3 Ra8c8
17.Ra1a2 Nf6d7
18.Nb3c5 Nd7xc5
19.dxc5 { time. }
1-0

[Event "Tourn. n8137"]
[Site "www.chess-mail.com"]
[Date "2015.07.20"]
[Round "1"]
[White "Anja"]
[Black "Mchess"]
[WhiteElo "1690"]
[BlackElo "1620"]
[Result "0-1"]
[Round "1"]
1.d4 d5
2.Ng1f3 c5
3.Bc1f4 Nb8c6
4.c3 e6
5.e3 Ng8f6
6.Nb1d2 Bf8d6
7.Bf4g3 O-O
8.Bf1d3 b6
9.O-O Bc8b7
10.Nf3e5 Qd8c7
11.Nd2f3 c4
12.Bd3c2 b5
13.Ra1c1 a5
14.Bc2b1 Nc6e7
15.Nf3h4 Ne7g6
16.Nh4xg6 hxg6
17.f4 Nf6d7
18.Qd1g4 Nd7f6
19.Qg4g5 Bd6e7
20.h4 Nf6h5
21.Qg5g4 Be7f6
22.Ne5xg6 fxg6
23.Qg4xg6 Nh5xg3
24.Qg6xg3 Kf7
25.Qg3g6 Ke7
26.g4 Bf6xh4
27.Qg6xg7 Rf8f7
28.Qg7h6 Bh4f6
29.f5 Qc7g3
30.Kh1 Ra8h8
31.Qh6xh8 Bf6xh8
{ resign }
0-1